Statistics for Cleveland Cavaliers 2017-18 Roster

Click here to take the quiz!

General Stats

  • This quiz has been taken 187 times
    (160 since last reset)
  • The average score is 12 of 18

Answer Stats

NbrPostPlayer% Correct
23Forward-GuardLeBron James
97%
0Forward-CenterKevin Love
97%
5Guard-ForwardJ.R. Smith
89%
13Center-ForwardTristan Thompson
85%
3GuardIsaiah Thomas
84%
-Head CoachTyronn Lue
83%
99ForwardJae Crowder
82%
9GuardDwyane Wade
74%
26GuardKyle Korver
73%
81GuardJose Calderon
70%
1GuardDerrick Rose
68%
32ForwardJeff Green
62%
4GuardIman Shumpert
61%
16ForwardCedi Osman
60%
41Forward-CenterAnte Zizic
56%
8ForwardChanning Frye
46%
10Guard-ForwardJohn Holland
22%
15GuardLondon Perrantes
18%

Score Distribution

Percentile by Number Answered

Percent of People with Each Score

Your Score History

You have not taken this quiz since the last reset